000 00895nas a2200277 4500
001 BR0404713
003 BR-BrBNA
005 20231205104857.0
007 ta
008 230509b bl.|||p| |||| 00| 00por d
040 _aBR-BrBNA
_bpor
_cBiblioteca Nacional de Agricultura
041 _a(Pt)
072 _aL73; L70
100 1 _aLizeu, J.O.P.
100 1 _aDanelli, M. das G.M.
245 1 _aImportância da resistência osmótica na estabilidade do antígeno celular de Mycoplasma mycoides subesp. mycoides tipo LC em ensaio imunoenzimático (ELISA)
650 _aMICOPLASMOSE
650 _aANTÍGENO
650 _aRESISTÊNCIA A PESTICIDA
650 _aELISA
650 _aMEMBRANA
650 _aCÉLULA
773 0 _tCiência Rural (Brazil)
_xISSN 0103-8478
_g(Mar-Apr 2004), v. 34(2) p. 591-593
_wBR0404713
909 _a202311
_bLúcia
_c55
_dLúcia Elande
942 _2AGRIS
_n0
_cANA
999 _c180090
_d180090